[Event "Chigorin Memorial"]
[Site "St Petersburg"]
[Date "2016.10.17"]
[Round "3.25"]
[White "Moskalenko, Alexander"]
[Black "Drygalov, Andrey"]
[Result "1-0"]
[WhiteElo "2490"]
[BlackElo "2318"]
[PlyCount "147"]
[EventDate "2016.10.15"]
[EventType "swiss"]
[EventRounds "9"]
[EventCountry "RUS"]

1. Nf3 Nf6 2. c4 g6 3. Nc3 d5 4. cxd5 Nxd5 5. Qb3 Nb6 6. d4 Bg7 7. Bf4 Be6 8.
Qa3 O-O 9. e3 Nc6 10. Be2 a5 11. Qc5 Nd7 12. Qg5 Nb4 13. O-O Nf6 14. Qh4 h5 15.
a3 Nbd5 16. Bg5 Re8 17. e4 Nxc3 18. bxc3 c6 19. h3 a4 20. c4 Nh7 21. Be3 c5 22.
d5 Bxa1 23. Rxa1 Bd7 24. Ne5 e6 25. Qxd8 Raxd8 26. d6 Nf8 27. Bxc5 f6 28. Nd3
e5 29. Nb4 Bc6 30. Nd5 Kf7 31. Bb4 Ne6 32. c5 Nd4 33. Bc4 Kg7 34. Nc7 Rh8 35.
Re1 Rd7 36. Ne6+ Nxe6 37. Bxe6 Rdd8 38. f3 Rhe8 39. Bc4 Rd7 40. Kf2 Ra8 41. Be6
Rdd8 42. h4 Kf8 43. Rb1 Re8 44. Bd5 Rec8 45. Ke3 Ke8 46. Be6 Bd7 47. Bd5 Bc6
48. Rd1 Kd7 49. Bf7 Rg8 50. Bxg8 Rxg8 51. Rg1 Ke6 52. Bc3 Bd7 53. Rb1 Bc6 54.
g3 g5 55. Rh1 g4 56. f4 exf4+ 57. Kxf4 Re8 58. Re1 Kf7 59. e5 Re6 60. Re3 fxe5+
61. Kg5 e4 62. Kxh5 Rg6 63. Re1 Rg8 64. Kh6 Ke6 65. h5 b6 66. cxb6 Kxd6 67. Kh7
Rb8 68. h6 Rxb6 69. Kg6 Be8+ 70. Kg5 Rb5+ 71. Kf6 Rh5 72. Be5+ Kd5 73. Bf4 Bd7
74. Rd1+ 1-0

[Event "Chigorin Memorial"]
[Site "St Petersburg"]
[Date "2016.10.17"]
[Round "3.26"]
[White "Lesovoi, Evgenij"]
[Black "Esipenko, Andrey"]
[Result "1-0"]
[WhiteElo "2261"]
[BlackElo "2490"]
[PlyCount "63"]
[EventDate "2016.10.15"]
[EventType "swiss"]
[EventRounds "9"]
[EventCountry "RUS"]

1. d4 Nf6 2. c4 e6 3. Nf3 d5 4. e3 Be7 5. Bd3 O-O 6. O-O b6 7. Nc3 Bb7 8. cxd5
exd5 9. b3 Nbd7 10. Bb2 Re8 11. Rc1 a6 12. Qc2 Bd6 13. Rfd1 Ne4 14. Ne5 Nef6
15. Ne2 Nxe5 16. dxe5 Rxe5 17. Bxe5 Bxe5 18. Ng3 g6 19. Be2 h5 20. Bf3 Qd6 21.
Ne4 Nxe4 22. Bxe4 Bxh2+ 23. Kh1 Be5 24. f4 Qe7 25. fxe5 dxe4 26. Qxc7 Re8 27.
e6 Qh4+ 28. Kg1 Rxe6 29. Qxb7 Qg5 30. Qb8+ Kg7 31. Qf4 Qa5 32. Rf1 1-0

[Event "Chigorin Memorial"]
[Site "St Petersburg"]
[Date "2016.10.17"]
[Round "3.27"]
[White "Golubov, Saveliy"]
[Black "Salemgareev, Tagir"]
[Result "1-0"]
[WhiteElo "2481"]
[BlackElo "2305"]
[PlyCount "83"]
[EventDate "2016.10.15"]
[EventType "swiss"]
[EventRounds "9"]
[EventCountry "RUS"]

1. d4 Nf6 2. Nf3 e6 3. Bf4 c5 4. e3 d5 5. c3 Nc6 6. Nbd2 Bd6 7. Bg3 O-O 8. Bd3
b6 9. e4 dxe4 10. Nxe4 Nxe4 11. Bxe4 Bb7 12. dxc5 Bxc5 13. Qa4 Qc8 14. Bxh7+
Kxh7 15. Qh4+ Kg8 16. Ng5 Rd8 17. Qh7+ Kf8 18. Qh8+ Ke7 19. Qxg7 Rf8 20. Bh4
Nb4 21. O-O Nd5 22. c4 Nf4 23. Nh3+ Kd7 24. Nxf4 Qe8 25. Rad1+ Kc8 26. Rd8+
Qxd8 27. Bxd8 Rxd8 28. Qxf7 Bc6 29. Nxe6 Rd7 30. Qg8+ Kb7 31. Nxc5+ bxc5 32.
Qg5 Kb6 33. h3 Re8 34. a3 Rd4 35. b4 cxb4 36. axb4 Rxc4 37. Qa5+ Kb7 38. Ra1
Rc2 39. b5 Be4 40. Qxa7+ Kc8 41. Qe3 Bc6 42. Ra8+ 1-0

[Event "Chigorin Memorial"]
[Site "St Petersburg"]
[Date "2016.10.17"]
[Round "3.28"]
[White "Zlatin, Alexander"]
[Black "Swayams, Mishra"]
[Result "0-1"]
[WhiteElo "2182"]
[BlackElo "2472"]
[PlyCount "104"]
[EventDate "2016.10.15"]
[EventType "swiss"]
[EventRounds "9"]
[EventCountry "RUS"]

1. e4 e6 2. d4 d5 3. Nc3 Nf6 4. e5 Nfd7 5. f4 c5 6. Nf3 Nc6 7. Be3 Be7 8. Qd2
O-O 9. dxc5 Nxc5 10. O-O-O Qc7 11. Qf2 b6 12. Kb1 Bb7 13. h4 Rfd8 14. Bb5 Ne4
15. Nxe4 dxe4 16. Bxc6 Rxd1+ 17. Rxd1 Bxc6 18. Nd4 Bd5 19. g4 Rc8 20. h5 a6 21.
Nb3 b5 22. g5 a5 23. Nd4 a4 24. f5 Qxe5 25. Bf4 e3 26. Qxe3 Qxe3 27. Bxe3 b4
28. fxe6 fxe6 29. Nf5 Bf8 30. Ng3 Rc4 31. Rd4 Rxd4 32. Bxd4 Bd6 33. Bf2 Kf7 34.
Nf1 Bf4 35. Ne3 Bxg5 36. Nxd5 exd5 37. Be1 Be7 38. b3 axb3 39. axb3 Ke6 40. c4
bxc3 41. Bxc3 Bf6 42. Bd2 Kf5 43. Kc2 Kg4 44. b4 Kxh5 45. b5 Bd8 46. Kd3 Kg4
47. Kd4 h5 48. Kxd5 h4 49. Ke4 Bc7 50. Ke3 h3 51. Kf2 Bb6+ 52. Kf1 Kf3 0-1

[Event "Chigorin Memorial"]
[Site "St Petersburg"]
[Date "2016.10.17"]
[Round "3.29"]
[White "Malakhov, Igor"]
[Black "Ovchinnikov, Vsevolod"]
[Result "1/2-1/2"]
[WhiteElo "2456"]
[BlackElo "2263"]
[PlyCount "157"]
[EventDate "2016.10.15"]
[EventType "swiss"]
[EventRounds "9"]
[EventCountry "RUS"]

1. e4 e6 2. d4 d5 3. Nc3 Bb4 4. e5 c5 5. Bd2 Ne7 6. a3 Bxc3 7. Bxc3 b6 8. Bb5+
Bd7 9. Bd3 Nbc6 10. Nf3 Qb8 11. O-O cxd4 12. Nxd4 Nxe5 13. f4 Nxd3 14. Qxd3 O-O
15. Rae1 Re8 16. Qg3 f6 17. Re3 Ng6 18. Qg4 Qc8 19. Qf3 Qc5 20. Nb3 Qd6 21. Bb4
Qc7 22. Bc3 Rad8 23. f5 exf5 24. Qxd5+ Be6 25. Qb5 f4 26. Re4 Bf7 27. Rxe8+
Bxe8 28. Qh5 Bf7 29. Re1 Qc4 30. h3 a5 31. Qf3 Bd5 32. Qf2 Qc6 33. Nd4 Qc5 34.
a4 Kf7 35. Kh2 Rd7 36. Qf1 Bb7 37. Nf3 Bc6 38. Rd1 Rxd1 39. Qxd1 Bxa4 40. Qd8
Bxc2 41. Bd4 Qe7 42. Qxb6 a4 43. Bc5 Qd7 44. Nd4 Bd3 45. b3 Ne5 46. bxa4 Qxa4
47. Bd6 Qd7 48. Bxe5 fxe5 49. Nf3 Qd5 50. Qb8 e4 51. Qxf4+ Ke7 52. Qc7+ Kf6 53.
Qc3+ Kg6 54. Ne5+ Kf5 55. Ng4 Qd6+ 56. Kh1 h5 57. Qc8+ Kg5 58. Ne3 Qf4 59. Qc5+
Kg6 60. Nd5 Qf1+ 61. Kh2 Kh7 62. Qc7 Qf5 63. Ne3 Qg5 64. Qa7 Qf4+ 65. Kg1 Qe5
66. Kh1 Be2 67. Kg1 h4 68. Qf7 Bh5 69. Qf2 g5 70. Qd2 Qa1+ 71. Kh2 Qe5+ 72. Kg1
Qa1+ 73. Kh2 Qe5+ 74. Kg1 Qa1+ 75. Kh2 Qe5+ 76. Kg1 Qa1+ 77. Kh2 Qe5+ 78. Kg1
Qa1+ 79. Kh2 1/2-1/2

[Event "Chigorin Memorial"]
[Site "St Petersburg"]
[Date "2016.10.17"]
[Round "3.30"]
[White "Rozycki, Bartlomiej"]
[Black "Nasuta, Grzegorz"]
[Result "1/2-1/2"]
[WhiteElo "2170"]
[BlackElo "2454"]
[PlyCount "60"]
[EventDate "2016.10.15"]
[EventType "swiss"]
[EventRounds "9"]
[EventCountry "RUS"]

1. e4 c5 2. Nf3 d6 3. d4 Nf6 4. Nc3 cxd4 5. Nxd4 a6 6. g3 e6 7. Bg2 Be7 8. O-O
Qc7 9. Be3 Nc6 10. Nxc6 bxc6 11. Qe2 Rb8 12. b3 c5 13. f4 O-O 14. Rad1 c4 15.
bxc4 Rb4 16. c5 d5 17. e5 Nd7 18. Bxd5 Bxc5 19. a3 Rb2 20. Bg2 Bxa3 21. Qd3 Bc5
22. Rf2 Bxe3 23. Qxe3 a5 24. Qd4 Rb4 25. Qd3 Qb6 26. Qd6 Qe3 27. Rd3 Qc1+ 28.
Rd1 Qe3 29. Rd3 Qc1+ 30. Rd1 Qe3 1/2-1/2

[Event "Chigorin Memorial"]
[Site "St Petersburg"]
[Date "2016.10.17"]
[Round "3.31"]
[White "Tsydypov, Zhamsaran"]
[Black "Badelka, Olga"]
[Result "1-0"]
[WhiteElo "2451"]
[BlackElo "2209"]
[PlyCount "69"]
[EventDate "2016.10.15"]
[EventType "swiss"]
[EventRounds "9"]
[EventCountry "RUS"]

1. e4 c5 2. Nf3 Nc6 3. d4 cxd4 4. Nxd4 Qb6 5. Nb3 Nf6 6. Nc3 e6 7. Bd3 d5 8.
exd5 exd5 9. O-O Be7 10. Be3 Qd8 11. h3 O-O 12. a3 Be6 13. Re1 a6 14. Nd4 Nxd4
15. Bxd4 Rc8 16. b4 Ne8 17. Qf3 Bf6 18. Ne2 g6 19. Qf4 Bxd4 20. Nxd4 Ng7 21.
Rad1 a5 22. Rb1 axb4 23. Rxb4 Qa5 24. Qh6 Qxa3 25. Nxe6 fxe6 26. Rh4 Qc3 27.
Qxh7+ Kf7 28. Rb1 Rc7 29. Qxg6+ Ke7 30. Rhb4 Kd6 31. Rb6+ Rc6 32. Rxb7 Nf5 33.
Qg5 Qf6 34. Qf4+ e5 35. Qb4+ 1-0

[Event "Chigorin Memorial"]
[Site "St Petersburg"]
[Date "2016.10.17"]
[Round "3.32"]
[White "Shevchenko, Kirill"]
[Black "Janiashvili, Irakli"]
[Result "1-0"]
[WhiteElo "2447"]
[BlackElo "2171"]
[PlyCount "73"]
[EventDate "2016.10.15"]
[EventType "swiss"]
[EventRounds "9"]
[EventCountry "RUS"]

1. e4 e6 2. d4 d5 3. Nd2 Nf6 4. e5 Nfd7 5. Bd3 c5 6. c3 b6 7. Ne2 Ba6 8. Bxa6
Nxa6 9. O-O Be7 10. f4 O-O 11. Nf3 cxd4 12. cxd4 Rc8 13. Bd2 b5 14. Qb3 Qb6 15.
g4 f6 16. Kg2 Rc4 17. a3 Nab8 18. Qd3 a5 19. b3 Rc7 20. Nc3 Rb7 21. a4 bxa4 22.
bxa4 Nc6 23. Nb5 fxe5 24. fxe5 Nb4 25. Qe2 Qd8 26. h4 Nb6 27. Ng5 Rxf1 28. Rxf1
Nxa4 29. Nd6 Rb8 30. Nxe6 Qd7 31. Nxg7 Bxd6 32. exd6 Nc6 33. Nh5 Rf8 34. Rxf8+
Kxf8 35. Bh6+ Kf7 36. Qf3+ Kg6 37. Qf6# 1-0

[Event "Chigorin Memorial"]
[Site "St Petersburg"]
[Date "2016.10.17"]
[Round "3.33"]
[White "Volkov, Sergey"]
[Black "Scott, Gordon W"]
[Result "1-0"]
[WhiteElo "2609"]
[BlackElo "2168"]
[PlyCount "75"]
[EventDate "2016.10.15"]
[EventType "swiss"]
[EventRounds "9"]
[EventCountry "RUS"]

1. d4 Nf6 2. c4 g6 3. Nc3 Bg7 4. e4 d6 5. Nf3 O-O 6. Be2 e5 7. Be3 Ng4 8. Bg5
f6 9. Bh4 g5 10. Bg3 Nh6 11. h3 Nc6 12. d5 Ne7 13. Qd2 Nf7 14. Bd3 h6 15. Qc2
Nh8 16. Nd2 Nhg6 17. f3 Nf4 18. Bf1 f5 19. Bf2 g4 20. hxg4 fxg4 21. g3 Nfg6 22.
Be2 gxf3 23. Bxf3 Kh7 24. Be3 Ng8 25. Qd3 Bf6 26. Rh5 Kg7 27. O-O-O Nh8 28. Qe2
Nf7 29. Bg4 Bg5 30. Bf5 Nf6 31. Bxg5 hxg5 32. Rdh1 Qe7 33. Rh7+ Nxh7 34. Rxh7+
Kg8 35. Qh5 Qf6 36. g4 Nh8 37. Rh6 Qg7 38. Bh7+ 1-0

[Event "Chigorin Memorial"]
[Site "St Petersburg"]
[Date "2016.10.17"]
[Round "3.34"]
[White "Bronstein, Or"]
[Black "Jumabayev, Rinat"]
[Result "0-1"]
[WhiteElo "2348"]
[BlackElo "2609"]
[PlyCount "114"]
[EventDate "2016.10.15"]
[EventType "swiss"]
[EventRounds "9"]
[EventCountry "RUS"]

1. e4 c5 2. Nf3 d6 3. Bb5+ Nd7 4. O-O a6 5. Bd3 Ngf6 6. a4 b6 7. c3 Bb7 8. Qe2
Qc7 9. Na3 e5 10. Bc2 Be7 11. d4 exd4 12. cxd4 O-O 13. d5 Rfe8 14. Be3 Ng4 15.
Bf4 Bf8 16. Qd2 Ngf6 17. Rfe1 Nh5 18. Be3 Nhf6 19. Bf4 Nh5 20. Be3 h6 21. h3
Ndf6 22. g4 Nxe4 23. Bxe4 Rxe4 24. gxh5 Qd7 25. Nb1 Qxh3 26. Nh2 Rh4 27. Bf4
Qf5 28. Bg3 Rd4 29. Qe2 Qxd5 30. f3 Qxh5 31. Nc3 Qg5 32. Qg2 Rd2 33. Bf2 Qxg2+
34. Kxg2 Rxb2 35. Reb1 Rxb1 36. Rxb1 Rb8 37. Bg3 Bc6 38. Rd1 Rd8 39. Rb1 Rb8
40. Rd1 b5 41. Bxd6 Rd8 42. axb5 axb5 43. Bxf8 Rxd1 44. Nxd1 Kxf8 45. Nf1 Ke7
46. Kg3 Ke6 47. Kf4 g5+ 48. Ke3 h5 49. Nd2 h4 50. Nf2 f5 51. Nb3 Kd6 52. Nd2
Bd5 53. Kd3 Ke5 54. Ke3 c4 55. Nd1 b4 56. Nb2 f4+ 57. Ke2 Kd4 0-1

[Event "Chigorin Memorial"]
[Site "St Petersburg"]
[Date "2016.10.17"]
[Round "3.35"]
[White "Yandarbiev, Ruslan"]
[Black "Pridorozhni, Aleksei"]
[Result "0-1"]
[WhiteElo "2342"]
[BlackElo "2579"]
[PlyCount "108"]
[EventDate "2016.10.15"]
[EventType "swiss"]
[EventRounds "9"]
[EventCountry "RUS"]

1. e4 e5 2. Nf3 Nc6 3. Bb5 Nf6 4. d3 Bc5 5. Bxc6 bxc6 6. Nxe5 d5 7. d4 Bb6 8.
exd5 Qxd5 9. O-O Bxd4 10. Nf3 Bb6 11. Qe1+ Qe6 12. Ng5 Qxe1 13. Rxe1+ Kf8 14.
Na3 Bf5 15. Be3 Ng4 16. Bxb6 axb6 17. Nf3 Bd7 18. Rad1 Nf6 19. Ne5 Be8 20. Nac4
g6 21. a3 c5 22. h3 Kg7 23. Ne3 Bb5 24. N5g4 Nxg4 25. hxg4 Rad8 26. g5 h6 27.
gxh6+ Kxh6 28. Nd5 Rd7 29. Nc3 Rxd1 30. Rxd1 Bc6 31. Re1 Kg7 32. Re7 Rc8 33. f3
Kf6 34. Re1 Rd8 35. Kf2 Rd2+ 36. Re2 Rd4 37. Ke3 Ke5 38. Kf2+ Kd6 39. Re1 f5
40. Ke2 b5 41. Rh1 b4 42. axb4 cxb4 43. Rd1 Ke5 44. Rxd4 Kxd4 45. Nb1 Bb5+ 46.
Kd2 c5 47. Ke1 f4 48. Nd2 Ba4 49. b3 Bd7 50. Ne4 Bf5 51. Ng5 Kc3 52. Ke2 Kxc2
53. Ne4 c4 54. bxc4 Bxe4 0-1

[Event "Chigorin Memorial"]
[Site "St Petersburg"]
[Date "2016.10.17"]
[Round "3.36"]
[White "Huzman, Alexander"]
[Black "Zarubitski, Viachaslau"]
[Result "0-1"]
[WhiteElo "2577"]
[BlackElo "2340"]
[PlyCount "52"]
[EventDate "2016.10.15"]
[EventType "swiss"]
[EventRounds "9"]
[EventCountry "RUS"]

1. d4 d5 2. c4 c6 3. Nf3 Nf6 4. e3 Bf5 5. Nc3 a6 6. Ne5 Nbd7 7. Qb3 Ra7 8. cxd5
cxd5 9. Bd2 e6 10. Rc1 Nxe5 11. dxe5 Nd7 12. Bb5 axb5 13. Nxb5 Nc5 14. Rxc5
Bxc5 15. Nxa7 O-O 16. Nb5 Qg5 17. Kf1 f6 18. h4 Qh5 19. exf6 Bd3+ 20. Kg1 Qe2
21. Bc3 Bxb5 22. Rh3 gxf6 23. Rg3+ Kf7 24. Bxf6 Qf1+ 25. Kh2 Bd6 26. Bd4 Qxf2
0-1

[Event "Chigorin Memorial"]
[Site "St Petersburg"]
[Date "2016.10.17"]
[Round "3.37"]
[White "Borisovsky, Dmitry"]
[Black "Fedorov, Alexei"]
[Result "0-1"]
[WhiteElo "2335"]
[BlackElo "2567"]
[PlyCount "46"]
[EventDate "2016.10.15"]
[EventType "swiss"]
[EventRounds "9"]
[EventCountry "RUS"]

1. e4 c5 2. Nf3 Nc6 3. d4 cxd4 4. Nxd4 Qb6 5. Nb3 Nf6 6. Nc3 e6 7. Qe2 d6 8. g4
a6 9. Bd2 Qc7 10. O-O-O Be7 11. f4 b5 12. g5 Nd7 13. Rg1 Nb6 14. a3 Bd7 15. h4
b4 16. axb4 Nxb4 17. Be3 O-O 18. g6 fxg6 19. h5 Na4 20. Nxa4 Bxa4 21. Qc4 Rac8
22. Rd4 Nxc2 23. Qxc7 Nxd4 0-1

[Event "Chigorin Memorial"]
[Site "St Petersburg"]
[Date "2016.10.17"]
[Round "3.38"]
[White "Stupak, Kirill"]
[Black "Li, Yankai"]
[Result "1-0"]
[WhiteElo "2564"]
[BlackElo "2298"]
[PlyCount "59"]
[EventDate "2016.10.15"]
[EventType "swiss"]
[EventRounds "9"]
[EventCountry "RUS"]

1. c4 Nf6 2. g3 g6 3. Bg2 d5 4. Nf3 Bg7 5. O-O O-O 6. d4 dxc4 7. Na3 c3 8. bxc3
c5 9. e3 Nc6 10. Qe2 Bf5 11. Rd1 Qb6 12. Nd2 Bg4 13. f3 Be6 14. Rb1 Qc7 15. Nb3
cxd4 16. cxd4 Rad8 17. Nc5 Bc8 18. Bb2 b6 19. Nb3 e5 20. Nb5 Ba6 21. Rbc1 exd4
22. Nxc7 Bxe2 23. Rd2 Bxf3 24. Bxf3 Ne5 25. Bg2 Bh6 26. Bxd4 Neg4 27. Rc3 Rxd4
28. exd4 Bxd2 29. Nxd2 Rd8 30. Nb3 1-0

[Event "Chigorin Memorial"]
[Site "St Petersburg"]
[Date "2016.10.17"]
[Round "3.39"]
[White "Kononenko, Dmitry"]
[Black "Gordievsky, Dmitry"]
[Result "0-1"]
[WhiteElo "2315"]
[BlackElo "2555"]
[PlyCount "82"]
[EventDate "2016.10.15"]
[EventType "swiss"]
[EventRounds "9"]
[EventCountry "RUS"]

1. d4 Nf6 2. c4 c5 3. Nf3 cxd4 4. Nxd4 e5 5. Nc2 d5 6. cxd5 Qxd5 7. Qxd5 Nxd5
8. e4 Nb4 9. Nxb4 Bxb4+ 10. Bd2 Bxd2+ 11. Nxd2 Ke7 12. Rc1 Nc6 13. Bb5 Nd4 14.
Ba4 Be6 15. Nf3 Rac8 16. Kd2 Nxf3+ 17. gxf3 Rhd8+ 18. Ke3 Bxa2 19. f4 exf4+ 20.
Kxf4 Be6 21. Ke3 g5 22. Rxc8 Rxc8 23. h4 g4 24. Rg1 a6 25. Bd1 Rc5 26. Kf4 Rb5
27. b3 Bxb3 28. Bxg4 a5 29. Be2 Rc5 30. Ke3 a4 31. Kd4 Kd6 32. f4 b5 33. e5+
Kc6 34. Bd3 h6 35. Be4+ Kb6 36. f5 Rc4+ 37. Ke3 Kc5 38. f6 Kb4 39. Bf5 Rc5 40.
Kf4 a3 41. e6 Bxe6 0-1

[Event "Chigorin Memorial"]
[Site "St Petersburg"]
[Date "2016.10.17"]
[Round "3.40"]
[White "Sunilduth Lyna, Narayanan"]
[Black "Fedotov, Nikita"]
[Result "0-1"]
[WhiteElo "2536"]
[BlackElo "2302"]
[PlyCount "100"]
[EventDate "2016.10.15"]
[EventType "swiss"]
[EventRounds "9"]
[EventCountry "RUS"]

1. Nf3 Nf6 2. c4 g6 3. Nc3 Bg7 4. e4 e5 5. Nxe5 Nxe4 6. Nxe4 Bxe5 7. d4 Bg7 8.
Bg5 f6 9. Be3 O-O 10. Nc3 d6 11. g3 Nc6 12. Bg2 Bf5 13. O-O Re8 14. a3 Rb8 15.
b4 a6 16. h3 Kh8 17. Re1 Qc8 18. Kh2 Bd7 19. Qd2 f5 20. Nd5 Nd8 21. Bh6 Ne6 22.
Bxg7+ Kxg7 23. Qc3 Qd8 24. c5 c6 25. Nb6 d5 26. Re5 Nc7 27. Qe3 Be6 28. Re1 Qf6
29. Qf4 Rbd8 30. h4 h6 31. a4 g5 32. hxg5 hxg5 33. Qf3 Rf8 34. Kg1 Rde8 35. Bf1
Qh6 36. Bd3 f4 37. g4 Rh8 38. Qg2 Qh4 39. Bf5 Rh6 40. Nd7 Re7 41. Nb6 Rf7 42.
Kf1 Bxf5 43. gxf5 g4 44. f3 g3 45. Nc8 Qd8 46. Nd6 Rh2 47. Qxh2 gxh2 48. Kg2
Qh4 49. Rb1 Re7 50. f6+ Kxf6 0-1

[Event "Chigorin Memorial"]
[Site "St Petersburg"]
[Date "2016.10.17"]
[Round "3.41"]
[White "Martynov, Roman"]
[Black "Yuffa, Daniil"]
[Result "0-1"]
[WhiteElo "2307"]
[BlackElo "2534"]
[PlyCount "74"]
[EventDate "2016.10.15"]
[EventType "swiss"]
[EventRounds "9"]
[EventCountry "RUS"]

1. d4 Nf6 2. c4 e6 3. g3 c5 4. d5 exd5 5. cxd5 d6 6. Nc3 g6 7. Bg2 Bg7 8. Nf3
O-O 9. O-O Re8 10. Nd2 a6 11. a4 Nbd7 12. h3 Rb8 13. Nc4 Ne5 14. Na3 Nh5 15. e4
Bd7 16. a5 Qxa5 17. g4 Nf6 18. f4 Nexg4 19. hxg4 Bxg4 20. Qd3 Qc7 21. Nc2 Bd7
22. Re1 b5 23. Nd1 c4 24. Qg3 a5 25. f5 b4 26. Bg5 a4 27. Qh4 Nh5 28. f6 h6 29.
fxg7 hxg5 30. Qxg5 Kxg7 31. Bf3 Re5 32. Qe3 Qd8 33. Re2 Qh4 34. Rh2 Rg5+ 35.
Bg2 Qg3 36. Qa7 Nf4 37. Qxb8 Rh5 0-1

[Event "Chigorin Memorial"]
[Site "St Petersburg"]
[Date "2016.10.17"]
[Round "3.42"]
[White "Moiseenko, Vadim"]
[Black "Iljin, Timofey"]
[Result "1-0"]
[WhiteElo "2528"]
[BlackElo "2279"]
[PlyCount "119"]
[EventDate "2016.10.15"]
[EventType "swiss"]
[EventRounds "9"]
[EventCountry "RUS"]

1. e4 c5 2. Nf3 Nc6 3. Bb5 e6 4. Bxc6 bxc6 5. d3 Ne7 6. Qe2 Ng6 7. h4 h5 8. e5
f6 9. Qe4 Kf7 10. Na3 d5 11. exd6 Qxd6 12. Nc4 Qd5 13. Ne3 Qxe4 14. dxe4 Ba6
15. b3 e5 16. g3 c4 17. Nxc4 Bxc4 18. bxc4 Rb8 19. c3 a5 20. Ke2 Bc5 21. Rd1
Nf8 22. Ne1 Ne6 23. Nd3 Rb7 24. Be3 Ba3 25. Rab1 Rhb8 26. Rxb7+ Rxb7 27. Kd2
Bd6 28. Kc2 g5 29. c5 Bc7 30. Nb2 gxh4 31. gxh4 Ke7 32. Nc4 a4 33. Nb6 Bxb6 34.
cxb6 c5 35. Rd5 a3 36. Bc1 Rxb6 37. Bxa3 Ra6 38. Kb2 Rb6+ 39. Ka1 Rc6 40. Bc1
Nf8 41. f4 exf4 42. Bxf4 Re6 43. e5 fxe5 44. Bxe5 Ng6 45. Bg3 Re3 46. Rg5 Nf8
47. Bf2 Rxc3 48. Bxc5+ Kf7 49. Bxf8 Kxf8 50. Rxh5 Ke7 51. Rb5 Rh3 52. h5 Rh2
53. a4 Kd6 54. a5 Kc6 55. Rf5 Kb7 56. Rc5 Ka6 57. Kb1 Kb7 58. Kc1 Ra2 59. Kd1
Rb2 60. Ke1 1-0

[Event "Chigorin Memorial"]
[Site "St Petersburg"]
[Date "2016.10.17"]
[Round "3.43"]
[White "Demianjuk, Alexander"]
[Black "Lintchevski, Daniil"]
[Result "0-1"]
[WhiteElo "2302"]
[BlackElo "2522"]
[PlyCount "46"]
[EventDate "2016.10.15"]
[EventType "swiss"]
[EventRounds "9"]
[EventCountry "RUS"]

1. d4 d5 2. c4 c6 3. Nf3 Nf6 4. g3 dxc4 5. Bg2 b5 6. Ne5 Bb7 7. O-O e6 8. a4 a6
9. axb5 axb5 10. Rxa8 Bxa8 11. Nc3 Nd5 12. Bd2 Nd7 13. Nxd7 Qxd7 14. Qa1 Bb7
15. b3 cxb3 16. e4 Nb6 17. d5 Bc5 18. Rd1 O-O 19. Qb2 b4 20. Ne2 cxd5 21. Qxb3
Qb5 22. Bf1 dxe4 23. Nc3 Qa5 0-1

[Event "Chigorin Memorial"]
[Site "St Petersburg"]
[Date "2016.10.17"]
[Round "3.44"]
[White "Sviridov, Valery"]
[Black "Tran, Minh Thang"]
[Result "1/2-1/2"]
[WhiteElo "2518"]
[BlackElo "2293"]
[PlyCount "104"]
[EventDate "2016.10.15"]
[EventType "swiss"]
[EventRounds "9"]
[EventCountry "RUS"]

1. d4 Nf6 2. c4 g6 3. Nc3 d5 4. cxd5 Nxd5 5. Na4 Bg7 6. e4 Nb6 7. Nf3 Bg4 8.
Be3 Nc6 9. d5 Ne5 10. Be2 O-O 11. Nxe5 Bxe2 12. Qxe2 Nxa4 13. f4 e6 14. O-O-O
Qc8 15. Qc2 exd5 16. Rxd5 Nb6 17. Ra5 f6 18. Nf3 Qe6 19. Re1 Rfe8 20. Nd2 Bf8
21. Kb1 c5 22. Qb3 Qxb3 23. axb3 Nd7 24. Ra4 Re6 25. g4 a6 26. Kc2 Nb8 27. e5
fxe5 28. f5 Rc6 29. Ne4 Nd7 30. Raa1 gxf5 31. gxf5 c4 32. Rad1 Nf6 33. Rg1+ Kf7
34. Ng5+ Ke8 35. Ne6 Rac8 36. Bg5 Ne4 37. Be3 cxb3+ 38. Kxb3 Rd6 39. Rde1 Kf7
40. Ka2 Nf6 41. Nxf8 Kxf8 42. Bh6+ Ke8 43. Rxe5+ Kd7 44. Rg7+ Kc6 45. Re1 Re8
46. Rc1+ Kb6 47. Bg5 Nd5 48. Rxh7 Re5 49. Rf1 Nb4+ 50. Kb1 Rdd5 51. Rf7 Nd3 52.
Bf6 Re2 1/2-1/2

[Event "Chigorin Memorial"]
[Site "St Petersburg"]
[Date "2016.10.17"]
[Round "3.45"]
[White "Bajarani, Ulvi"]
[Black "Dimitrova, Aleksandra"]
[Result "0-1"]
[WhiteElo "2512"]
[BlackElo "2269"]
[PlyCount "74"]
[EventDate "2016.10.15"]
[EventType "swiss"]
[EventRounds "9"]
[EventCountry "RUS"]

1. d4 Nf6 2. c4 e6 3. Nc3 Bb4 4. e3 O-O 5. Nge2 d5 6. a3 Be7 7. cxd5 exd5 8.
Nf4 c6 9. Bd3 a5 10. O-O Na6 11. Bc2 Nc7 12. f3 c5 13. Nce2 Re8 14. g4 Ne6 15.
Rb1 Bd6 16. Nxe6 Bxe6 17. dxc5 Bxc5 18. Qd3 g6 19. b4 axb4 20. axb4 Bb6 21. Nd4
Qd6 22. Bd1 Bd7 23. Bd2 Qe5 24. Rf2 h5 25. gxh5 Qxh5 26. Rc1 Rec8 27. Bc3 Ra3
28. Qd2 Qh4 29. Be2 Bh3 30. Bf1 Bxf1 31. Rfxf1 Re8 32. Rce1 Nd7 33. Kh1 Rea8
34. Bb2 Ra2 35. Qc3 Qf6 36. f4 Bxd4 37. Qxd4 Rxb2 0-1

[Event "Chigorin Memorial"]
[Site "St Petersburg"]
[Date "2016.10.17"]
[Round "3.46"]
[White "Bao, Qilin"]
[Black "Matinian, Nikita"]
[Result "0-1"]
[WhiteElo "2301"]
[BlackElo "2495"]
[PlyCount "78"]
[EventDate "2016.10.15"]
[EventType "swiss"]
[EventRounds "9"]
[EventCountry "RUS"]

1. d4 Nf6 2. c4 g6 3. Nc3 Bg7 4. e4 d6 5. Nf3 O-O 6. h3 e5 7. d5 Nh5 8. g3 f5
9. exf5 gxf5 10. Ng5 Nf6 11. g4 Qe7 12. Be2 Na6 13. Rg1 c6 14. gxf5 Bxf5 15.
Be3 Nb4 16. Rc1 e4 17. Qb3 c5 18. a3 Nd3+ 19. Bxd3 exd3 20. Kd2 a6 21. Rce1 Nd7
22. Bd4 Ne5 23. Bxe5 Bxe5 24. Rxe5 dxe5 25. Ne6+ Bg6 26. Nxf8 Rxf8 27. Nd1 Qh4
28. Qxd3 Rxf2+ 29. Kc1 Qf4+ 30. Kb1 Rf1 31. Rxg6+ hxg6 32. Qxg6+ Kf8 33. Qd6+
Kg7 34. Qe7+ Kh6 35. Qe6+ Kh5 36. d6 Rxd1+ 37. Ka2 b5 38. cxb5 axb5 39. Qe8+
Kh4 0-1

[Event "Chigorin Memorial"]
[Site "St Petersburg"]
[Date "2016.10.17"]
[Round "3.47"]
[White "Soffer, Ram"]
[Black "Amina, Battsooj"]
[Result "1-0"]
[WhiteElo "2475"]
[BlackElo "2274"]
[PlyCount "59"]
[EventDate "2016.10.15"]
[EventType "swiss"]
[EventRounds "9"]
[EventCountry "RUS"]

1. d4 d5 2. c4 e6 3. Nc3 Nf6 4. cxd5 exd5 5. Bg5 Be7 6. e3 h6 7. Bh4 O-O 8. Bd3
b6 9. Nf3 Bb7 10. Bxf6 Bxf6 11. b4 c5 12. bxc5 bxc5 13. O-O Nc6 14. Rb1 Rb8 15.
Qa4 cxd4 16. exd4 Qd6 17. Rb5 a6 18. Rb3 Qd7 19. Rfb1 Rfc8 20. Rxb7 Rxb7 21.
Rxb7 Qxb7 22. Bxa6 Qb2 23. Nd1 Qb8 24. Bxc8 Qxc8 25. Ne3 Qb7 26. g3 Qb1+ 27.
Kg2 Nb4 28. Nxd5 Nxd5 29. Qa8+ Kh7 30. Qxd5 1-0

[Event "Chigorin Memorial"]
[Site "St Petersburg"]
[Date "2016.10.17"]
[Round "3.48"]
[White "Bykov, Egor"]
[Black "Kharchenko, Boris"]
[Result "0-1"]
[WhiteElo "2292"]
[BlackElo "2464"]
[PlyCount "118"]
[EventDate "2016.10.15"]
[EventType "swiss"]
[EventRounds "9"]
[EventCountry "RUS"]

1. d4 d5 2. Nf3 Nf6 3. c4 c6 4. Nc3 dxc4 5. g3 g6 6. Ne5 Be6 7. e4 Bg7 8. Bxc4
Bxc4 9. Nxc4 O-O 10. Be3 Nxe4 11. Nxe4 Qd5 12. Ncd2 f5 13. f3 fxe4 14. fxe4 Qe6
15. Qb3 Qxb3 16. Nxb3 Nd7 17. Rc1 e5 18. d5 cxd5 19. exd5 Nf6 20. d6 Rfd8 21.
Rd1 b6 22. Bg5 Rd7 23. O-O Ne4 24. Be7 Nxd6 25. Bxd6 Rad8 26. Rd2 Rxd6 27. Rfd1
Rxd2 28. Rxd2 Rf8 29. Kg2 e4 30. Re2 Rc8 31. Kf2 a5 32. Rxe4 Bxb2 33. a4 Kf7
34. Re2 Bf6 35. Nd2 Bd4+ 36. Kf3 Rc3+ 37. Ke4 Bc5 38. Nf3 h6 39. Ne5+ Kf6 40.
Kd5 h5 41. Nd7+ Kf5 42. Nxc5 Rxc5+ 43. Kd4 Kg4 44. Re6 g5 45. Rxb6 Rc2 46. h4
gxh4 47. gxh4 Ra2 48. Rb5 Rxa4+ 49. Ke3 Ra3+ 50. Ke4 a4 51. Ra5 Kxh4 52. Kf4
Rg3 53. Rb5 Rb3 54. Ra5 a3 55. Ra4 Kh3 56. Kg5 Kg2 57. Kxh5 Kf2 58. Kg4 Ke2 59.
Kf5 Kd2 0-1